[Event "6. OPEN International Ch of Vojvodina 20"]
[Site "Novi Sad"]
[Date "2015.07.25"]
[Round "1.40"]
[White "Stanimirovic, Marija"]
[Black "Zarkovic, Mila"]
[Result "1-0"]
[WhiteElo "1822"]
[BlackElo "2209"]
[PlyCount "117"]
[EventDate "2015.??.??"]

1. c4 Nf6 2. Nc3 e6 3. Nf3 Bb4 4. g3 b6 5. Bg2 Bb7 6. O-O Bxc3 7. dxc3 c5 8. b4
O-O 9. Qb3 Qc7 10. Rd1 d6 11. a4 Nbd7 12. a5 cxb4 13. cxb4 d5 14. cxd5 Bxd5 15.
Qa4 bxa5 16. Qxa5 Qb7 17. Bf4 Nb6 18. Qa6 Qe7 19. b5 Ne4 20. Rdc1 Qf6 21. Be5
Qf5 22. Rc7 Nc4 23. Bd4 h6 24. Rc1 e5 25. Bxa7 Rxa7 26. Rxa7 g5 27. b6 g4 28.
Rxc4 gxf3 29. Bxf3 Bxc4 30. Qxc4 Nd2 31. Qg4+ Qxg4 32. Bxg4 Nb3 33. b7 Nd4 34.
Ra8 Nc6 35. Bf3 Nb8 36. Ra5 f6 37. Rc5 Kf7 38. Rc7+ Ke6 39. Rc8 Ke7 40. Rc7+
Kd6 41. Rc8 Ke7 42. Rxf8 Kxf8 43. Kg2 f5 44. Bd5 Ke7 45. e4 Kd6 46. Kh3 fxe4
47. Bxe4 Ke6 48. Kg4 Kf6 49. Kh5 Kg7 50. f4 exf4 51. gxf4 Nd7 52. Bg2 Nf6+ 53.
Kh4 Nd7 54. f5 Nb8 55. Kg4 Kf6 56. Kf4 Nd7 57. Bd5 Nb8 58. Bc4 Nd7 59. Bb5 1-0